Hands-On Machine Learning with Scikit-Learn, Keras, and TensorFlow

Αποθηκεύτηκε σε:
Λεπτομέρειες βιβλιογραφικής εγγραφής
Κύριος συγγραφέας: Geron
Μορφή: Βιβλίο
Έκδοση: Shroff Pub.
Ετικέτες: Προσθήκη ετικέτας
Δεν υπάρχουν, Καταχωρήστε ετικέτα πρώτοι!

MARC

LEADER 00000nam a2200000Ia 4500
005 20260513122051.0
020 |a 9789355421982 
100 |a Geron 
365 |c Rs. 
365 |b 20.00 
942 |c BK 
245 |a Hands-On Machine Learning with Scikit-Learn, Keras, and TensorFlow 
260 |b Shroff Pub. 
999 |c 48  |d 48 
952 |0 0  |1 0  |4 0  |7 0  |a UNSW  |b UNSW  |d 2026-05-06  |g 3250.00  |i 16689  |l 0  |p 000042  |r 2026-05-13 12:20:51  |v 3250.00  |w 2026-05-13  |y BK